AIIMS NORCET-9 Nursing Officer 'B' Nursing Aptitude (Record no. 370415)

MARC details
000 -LEADER
fixed length control field 00499nam a2200169 4500
005 - DATE AND TIME OF LATEST TRANSACTION
control field 20260218122239.0
008 - FIXED-LENGTH DATA ELEMENTS--GENERAL INFORMATION
fixed length control field 260211b |||||||| |||| 00| 0 eng d
041 ## - LANGUAGE CODE
Language code of text/sound track or separate title English
082 ## - DEWEY DECIMAL CLASSIFICATION NUMBER
Classification number F 610.73 GRO
Item number B12213
100 ## - MAIN ENTRY--PERSONAL NAME
Author Grover, Vikas
110 ## - MAIN ENTRY--CORPORATE NAME
Corporate name or jurisdiction name as entry element AIIMS NORCET-9
245 ## - TITLE STATEMENT
Title AIIMS NORCET-9 Nursing Officer 'B' Nursing Aptitude
Remainder of title Common Elegibility Test CBT Stage I
260 ## - PUBLICATION, DISTRIBUTION, ETC.
Place of publication, distribution, etc. New Delhi
Name of publisher, distributor, etc. BOOKHIVE INDIA
Date of publication, distribution, etc. 2025
300 ## - PHYSICAL DESCRIPTION
Extent 358p
Other physical details pb
365 ## - TRADE PRICE
Price type code Rupaye
Price amount 260
Currency code INR
942 ## - ADDED ENTRY ELEMENTS (KOHA)
Koha item type Books
Holdings
Withdrawn status Lost status Source of classification or shelving scheme Damaged status Not for loan Home library Current library Date acquired Vendor Net Price Bill number Total Checkouts Full call number Barcode Date last seen Discount Actual Price Bill Date Koha item type Original Barcode
    Dewey Decimal Classification     Smt. Bakul Tambat Institute of Nursing Education Smt. Bakul Tambat Institute of Nursing Education 11/02/2026 Patil Medical Book 200.00 3168   F 610.73 GRO B12213 BTIN-BK-12213 11/02/2026 60 260.00 21/01/2026 Books BTIN-BK-12213